Statistics for Countries by Landscape

Click here to take the quiz!

General Stats

  • This quiz has been taken 47 times
    (26 since last reset)
  • The average score is 10 of 20

Answer Stats

Answer% Correct
Finland
84%
Tanzania
84%
Canada
74%
Japan
74%
China
68%
Iceland
63%
Nepal
58%
Australia
53%
Madagascar
53%
Mongolia
53%
Norway
53%
Ireland
42%
Jordan
42%
United States
42%
Peru
37%
United Kingdom
37%
New Zealand
32%
Chile
21%
Thailand
21%
Vietnam
16%

Score Distribution

Percentile by Number Answered

Percent of People with Each Score

Your Score History

You have not taken this quiz since the last reset